Dawson ou Les Frères Scott en 30 clics - Statistiques

Statistiques générales
  • Ce quiz a été pris 72 fois
  • Le résultat moyen est 27 sur 30
Statistiques - réponses
Hint Réponse % Correct
Dawson
98%
Les Frères Scott
98%
Les Frères Scott
98%
Les Frères Scott
98%
Dawson
97%
Dawson
97%
Dawson
97%
Les Frères Scott
97%
Les Frères Scott
97%
Les Frères Scott
97%
Dawson
95%
Les Frères Scott
95%
Les Frères Scott
95%
Les Frères Scott
95%
Dawson
93%
Dawson
93%
Les Frères Scott
93%
Dawson
91%
Les Frères Scott
91%
Dawson
90%
Les Frères Scott
90%
Dawson
86%
Les Frères Scott
86%
Dawson
84%
Les Frères Scott
84%
Dawson
83%
Les Frères Scott
81%
Dawson
78%
Dawson
50%
Dawson
45%
Aucun quiz correspondant
Distribution des résultats
% des personnes avec chaque résultat
Percentile par nombre de réponses
Votre historique - résultats
Vous n’avez pas pris ce quiz